00273nam a22000857a 4500008004100000082002000041245006900061260004900130300000800179230629b xxu||||| |||| 00| 0 eng d a338.9bCEC 1986 aTen Years of LomebA Record of EEC-ACP Partnerships 1976 to 1985 bCommission of the European Communitiesc1986 a83p